000 00330nam a22001217a 4500
008 230704b xxu||||| |||| 00| 0 eng d
082 _a341.765
_bWHO
110 _bWorld Health Organization
245 _aFifty-Eighth
_bWorld Health Assembly
260 _aGeneva
_bWorld Health Organization
_c1995
300 _a287p
942 _2ddc
_cBK
999 _c3831
_d3831